Normal view
MARC view
Entry Personal Name
001 - CONTROL NUMBER
- control field: 17612
003 - CONTROL NUMBER IDENTIFIER
- control field: ARRUPE
005 - DATE AND TIME OF LATEST TRANSACTION
- control field: 20150430115408.0
008 - FIXED-LENGTH DATA ELEMENTS
- fixed length control field: 150430|| aca||aabn | a|a d
040 ## - CATALOGING SOURCE
- Original cataloging agency: ARRUPE
- Transcribing agency: ARRUPE
100 ## - HEADING--PERSONAL NAME
- Personal name: Dampier, William C.D. (ed.)
670 ## - SOURCE DATA FOUND
- Source citation: Work cat.: (ARRUPE): Dampier, William C.D. (ed.), Readings in the literature of science , 1959